| 000 | 02096cam a2200349 a 4500 | ||
|---|---|---|---|
| 001 | 8287614 | ||
| 003 | ARRUPE | ||
| 005 | 20140114020012.0 | ||
| 008 | 100611s2010 nyu 000 1 eng | ||
| 010 | _a 2010023403 | ||
| 020 | _a9780374270537 (alk. paper) | ||
| 020 | _a0374270538 (alk. paper) | ||
| 024 | _a99940601908 | ||
| 035 | _a(OCoLC)555656627 | ||
| 035 | _a(OCoLC)ocn555656627 | ||
| 035 | _a(NNC)8287614 | ||
| 040 |
_aDLC _cDLC _dYDX _dBTCTA _dYDXCP _dABG _dCDX _dZAG |
||
| 043 | _af-sa--- | ||
| 050 | 0 | 0 |
_aPR9369.3.G6 _bL54 2010 |
| 082 | 0 | 0 |
_a823/.914 _222 |
| 100 | 1 |
_aGordimer, Nadine. _96520 |
|
| 245 | 1 | 0 |
_aLife times : _bstories, 1952-2007 / _cNadine Gordimer. |
| 250 | _a1st American ed. | ||
| 260 |
_aNew York : _bFarrar, Straus and Giroux, _c2010. |
||
| 300 |
_a549 p. ; _c24 cm. |
||
| 505 | 0 | _aThe soft voice of the serpent -- The amateurs -- Six feet of the country -- Face from Atlantis -- Which new era would that be? -- The smell of death and flowers -- Not for publication -- Through time and distance -- A chip of glass ruby -- Some Monday for sure -- Friday's footprint -- The bridegroom -- Livingstone's companions -- Why haven't you written? -- Open house -- A meeting in space -- Rain-queen -- Town and country lovers -- A soldier's embrace -- For dear life -- Oral history -- A lion on the freeway -- At the rendezvous of victory -- Letter from his father -- Something out there -- Once upon a time -- The moment before the gun went off -- The ultimate safari -- A find -- Loot -- The generation gap -- Look-alikes -- The diamond mine -- Tape measure -- Dreaming of the dead -- Beethoven was one-sixteenth black -- Parking tax -- Second coming. | |
| 520 | _aA collection of short fictional works offers insight into the author's use of rich language to convey themes ranging from politics and sexuality to race and family life, in a volume that includes such pieces as "Friday's Footprint" and "Something Out There." | ||
| 651 | 0 |
_aSouth Africa _vFiction. _96521 |
|
| 942 |
_2lcc _cMONOGRAPH _01 |
||
| 948 | 1 |
_a20110128 _bc _csds12 _dMPS |
|
| 999 |
_c119521 _d119521 |
||